00321nam a2200121Ia 4500008004100000100001300041245005200054260003100106300000900137650002800146942000800174999001700182190216s9999||||xx |||||||||||||| ||und|| aAhuja Bn 0aLatest Essays For College And Competative Exams bNew Light Publishersc1985 a302p aCompetitive Examination cREF c35658d35658